[Event "Rio de Janeiro op 3rd"]
[Site "Rio de Janeiro"]
[Date "2024.04.25"]
[Round "6"]
[White "Aipperspach, Joao Lizak"]
[Black "Fernandes, Felipe Gambini"]
[Result "1/2-1/2"]
[WhiteElo "1745"]
[BlackElo "1893"]
[PlyCount "61"]
[EventDate "2024.04.22"]
[EventType "swiss"]
[EventRounds "9"]
[EventCountry "BRA"]
[SourceTitle "CB18_2024"]
[SourceDate "2024.05.01"]
[SourceVersion "1"]
[SourceVersionDate "2024.05.01"]
[SourceQuality "2"]

1. e4 c6 2. d4 d5 3. exd5 cxd5 4. Bd3 Nf6 5. h3 g6 6. Nf3 Bg7 7. 0-0 Nc6 8. c3 0-0 9. Re1 Bf5 10. Bxf5 gxf5 11. Qd3 Ne4 12. Bf4 e6 13. Nbd2 a6 14. a4 Rc8 15. Qe3 Kh8 16. Nh2 Rg8 17. Nxe4 fxe4 18. Nf1 Bf6 19. Kh1 Ne7 20. Qe2 Nf5 21. Ne3 Nxe3 22. Qxe3 Qe7 23. f3 exf3 24. Qxf3 Rg6 25. Be5 Bxe5 26. Rxe5 Qf6 27. Qe2 Qg7 28. Rf1 Rg3 29. Rf2 Rg8 30. Qf1 Qg6 31. Ree2 1/2-1/2

[Event "Rio de Janeiro op 3rd"]
[Site "Rio de Janeiro"]
[Date "2024.04.23"]
[Round "3"]
[White "Fernandes, Felipe Gambini"]
[Black "Reimberg, Arthur Bernardo"]
[Result "1-0"]
[WhiteElo "1893"]
[BlackElo "1695"]
[PlyCount "133"]
[EventDate "2024.04.22"]
[EventType "swiss"]
[EventRounds "9"]
[EventCountry "BRA"]
[SourceTitle "CB18_2024"]
[SourceDate "2024.05.01"]
[SourceVersion "1"]
[SourceVersionDate "2024.05.01"]
[SourceQuality "2"]

1. d4 d5 2. c4 e6 3. Nc3 Nf6 4. cxd5 exd5 5. Bg5 Be7 6. e3 a6 7. Bd3 Nbd7 8. Nf3 0-0 9. 0-0 b6 10. Rc1 Bb7 11. Bb1 Rc8 12. Re1 Re8 13. Qd3 g6 14. a3 c5 15. Ba2 Ne4 16. Bxe7 Qxe7 17. Bxd5 Bxd5 18. Nxd5 Qe6 19. Nc3 Nxc3 20. Rxc3 cxd4 21. Nxd4 Rxc3 22. Qxc3 Qe5 23. Rc1 Qc5 24. b4 Qxc3 25. Rxc3 Ne5 26. Kf1 b5 27. Ke2 Nc4 28. a4 Rb8 29. axb5 axb5 30. Nxb5 Nxe3 31. Rxe3 Rxb5 32. Re4 f5 33. Rd4 Kf7 34. Kd3 Ke6 35. Kc4 Rb8 36. b5 Rc8+ 37. Kb3 g5 38. b6 Rb8 39. Rb4 Kd5 40. b7 Kc6 41. Kc4 f4 42. f3 h5 43. h3 h4 44. Rb2 Kd7 45. Kd5 Kc7 46. Ke6 Re8+ 47. Kf5 Rf8+ 48. Kxg5 Kb8 49. Kxh4 Rg8 50. Kh5 Rg3 51. h4 Rg8 52. Kh6 Rg3 53. h5 Rg8 54. Kh7 Rg3 55. h6 Rg5 56. Kh8 Rg3 57. h7 Rg5 58. Rb4 Rxg2 59. Rxf4 Kxb7 60. Rf7+ Kc6 61. Rg7 Ra2 62. Kg8 Ra8+ 63. Kf7 Rh8 64. Kg6 Rd8 65. Rg8 Rd6+ 66. Kg5 Rd5+ 67. Kg4 1-0

[Event "Niteroi Carvalho Memorial"]
[Site "Niteroi"]
[Date "2023.11.04"]
[Round "4"]
[White "Pereira, Rodrigo Ferreira"]
[Black "Fernandes, Felipe Gambini"]
[Result "0-1"]
[WhiteElo "1726"]
[BlackElo "1813"]
[PlyCount "50"]
[EventDate "2023.11.02"]
[EventType "swiss"]
[EventRounds "6"]
[EventCountry "BRA"]
[SourceTitle "CB49_2023"]
[SourceDate "2023.12.06"]
[SourceVersion "1"]
[SourceVersionDate "2023.12.06"]
[SourceQuality "1"]

1. c4 c6 2. g3 d5 3. d4 e6 4. Nc3 Nf6 5. Bg2 Nbd7 6. cxd5 exd5 7. Nf3 Bd6 8. 0-0 0-0 9. Qc2 Re8 10. Re1 a5 11. Bg5 h6 12. Bd2 Ne4 13. Nxe4 Rxe4 14. Nh4 Rxh4 15. gxh4 Qxh4 16. e4 Qxh2+ 17. Kf1 dxe4 18. Bxe4 Nf6 19. Bf5 Qh1+ 20. Ke2 Qh5+ 21. f3 Bxf5 22. Qb3 Re8+ 23. Be3 Qh2+ 24. Kd1 a4 25. Qc3 Bb4 0-1

[Event "Rio de Janeiro Estadual Cup"]
[Site "Rio de Janeiro"]
[Date "2022.07.24"]
[Round "3"]
[White "Fernandes, Felipe Gambini"]
[Black "Soares, Joao Carlos TC"]
[Result "1/2-1/2"]
[WhiteElo "1792"]
[BlackElo "2101"]
[PlyCount "78"]
[EventDate "2022.07.23"]
[EventType "swiss"]
[EventRounds "6"]
[EventCountry "BRA"]
[SourceTitle "EXT 2023"]
[Source "ChessBase"]
[SourceDate "2022.10.05"]
[SourceVersion "1"]
[SourceVersionDate "2022.10.05"]
[SourceQuality "1"]

1. d4 Nf6 2. c4 e6 3. Nf3 d5 4. Nc3 Be7 5. Bg5 0-0 6. e3 h6 7. Bh4 Ne4 8. Bxe7 Qxe7 9. Bd3 Nxc3 10. bxc3 Nd7 11. 0-0 e5 12. Be2 dxc4 13. Bxc4 c5 14. Qb3 cxd4 15. cxd4 exd4 16. exd4 Nb6 17. Rfe1 Qf6 18. Rab1 Bf5 19. Bd3 Be6 20. Qb2 Bd5 21. Ne5 Qh4 22. g3 Qf6 23. Be4 Rfd8 24. Rbc1 Bxe4 25. Rxe4 Qd6 26. Qb3 Qd5 27. Rc7 f6 28. Nf3 Qxb3 29. axb3 Rd7 30. Re7 Rxe7 31. Rxe7 Rb8 32. Kf1 Kf8 33. Rc7 Nd5 34. Rd7 Ne7 35. Ke2 Ke8 36. Rc7 Kd8 37. Rc1 Kd7 38. Kd3 Kd6 39. Nd2 Rc8 1/2-1/2

[Event "Rio de Janeiro Estadual Cup"]
[Site "Rio de Janeiro"]
[Date "2022.07.23"]
[Round "2"]
[White "Fernandes, Felipe Gambini"]
[Black "Garcia, Julio Cesar de Paiv"]
[Result "1-0"]
[WhiteElo "1792"]
[BlackElo "2124"]
[PlyCount "95"]
[EventDate "2022.07.23"]
[EventType "swiss"]
[EventRounds "6"]
[EventCountry "BRA"]
[SourceTitle "EXT 2023"]
[Source "ChessBase"]
[SourceDate "2022.10.05"]
[SourceVersion "1"]
[SourceVersionDate "2022.10.05"]
[SourceQuality "1"]

1. d4 Nf6 2. c4 g6 3. Nc3 d5 4. cxd5 Nxd5 5. e4 Nxc3 6. bxc3 Bg7 7. Bc4 c5 8. Ne2 0-0 9. 0-0 Nc6 10. Be3 Qc7 11. Rc1 Rd8 12. Qd2 b6 13. Rfd1 Na5 14. Bd5 Bb7 15. Bf4 Qc8 16. Bxb7 Qxb7 17. f3 e5 18. Bh6 Nc4 19. Qg5 f6 20. Qh4 Qa6 21. Bxg7 Kxg7 22. dxe5 Nxe5 23. Nf4 b5 24. Nd5 c4 25. Kh1 Qd6 26. Rb1 Rab8 27. Rd2 a5 28. Qf2 Nd3 29. Qa7+ Rd7 30. Qd4 Qe5 31. Qxe5 fxe5 32. Ne3 Rdb7 33. h3 Kf6 34. a3 Ke6 35. Kh2 Kd6 36. a4 Kc5 37. axb5 Rxb5 38. Rxb5+ Rxb5 39. Ra2 Nb2 40. Kg3 a4 41. f4 Rb3 42. Nd5 a3 43. fxe5 Na4 44. e6 Kd6 45. e7 Kd7 46. Rd2 Ke8 47. Rf2 Rxc3+ 48. Kh4 1-0

[Event "BRA-ch U2000 Amateurs"]
[Site "Sao Paulo"]
[Date "2022.06.18"]
[Round "5"]
[White "De Paula, Bruno Cesar Lima"]
[Black "Fernandes, Felipe Gambini"]
[Result "1-0"]
[WhiteElo "1513"]
[BlackElo "1845"]
[PlyCount "53"]
[EventDate "2022.06.16"]
[EventType "swiss"]
[EventRounds "7"]
[EventCountry "BRA"]
[SourceTitle "CBM 208 Extra"]
[Source "ChessBase"]
[SourceDate "2022.07.31"]
[SourceVersion "1"]
[SourceVersionDate "2022.07.31"]
[SourceQuality "1"]

1. e4 c6 2. Nf3 d5 3. Nc3 dxe4 4. Nxe4 Nf6 5. Qe2 Nxe4 6. Qxe4 Qd5 7. Qf4 Bf5 8. Bc4 Qe4+ 9. Qxe4 Bxe4 10. Bxf7+ Kd8 11. d3 Bxf3 12. gxf3 e5 13. f4 Nd7 14. Bh5 Bc5 15. fxe5 Nxe5 16. Bf4 Nd7 17. d4 Bxd4 18. 0-0-0 Bxf2 19. Bg4 Rf8 20. Bg5+ Kc7 21. Rxd7+ Kb6 22. Rhd1 h6 23. Bd8+ Ka6 24. Be2+ b5 25. a4 Be3+ 26. Kb1 Bf4 27. c4 1-0

[Event "BRA-ch U2000 Amateurs"]
[Site "Sao Paulo"]
[Date "2022.06.16"]
[Round "2"]
[White "Fernandes, Felipe Gambini"]
[Black "De Freitas, Fabio Ruiz"]
[Result "1/2-1/2"]
[WhiteElo "1845"]
[BlackElo "1675"]
[PlyCount "92"]
[EventDate "2022.06.16"]
[EventType "swiss"]
[EventRounds "7"]
[EventCountry "BRA"]
[SourceTitle "CBM 208 Extra"]
[Source "ChessBase"]
[SourceDate "2022.07.31"]
[SourceVersion "1"]
[SourceVersionDate "2022.07.31"]
[SourceQuality "1"]

1. d4 Nf6 2. c4 e6 3. Nc3 d5 4. cxd5 Nxd5 5. e4 Nxc3 6. bxc3 c5 7. Nf3 cxd4 8. cxd4 Bb4+ 9. Bd2 Bxd2+ 10. Qxd2 0-0 11. Bc4 Nd7 12. 0-0 Nf6 13. Qf4 b6 14. Rfd1 Bb7 15. d5 exd5 16. Bxd5 Qb8 17. Qf5 Bxd5 18. exd5 Rd8 19. Rd3 h6 20. Rad1 Ne8 21. Ne5 Nd6 22. Qg4 Qc8 23. Qf4 Qc2 24. a3 Rac8 25. g4 Rc3 26. Qf3 Rxd3 27. Rxd3 Re8 28. Nc6 a6 29. Nb4 Qb1+ 30. Rd1 Re1+ 31. Rxe1 Qxe1+ 32. Kg2 a5 33. Nc6 Qe4 34. Qxe4 Nxe4 35. Kf3 Nf6 36. d6 Kf8 37. Kf4 Ke8 38. Ne5 b5 39. Ke3 b4 40. axb4 axb4 41. f3 Nd7 42. Nc4 f6 43. Kd4 b3 44. Kc3 b2 45. Kxb2 Ne5 46. Nxe5 fxe5 1/2-1/2

[Event "Rio de Janeiro State-ch"]
[Site "Rio de Janeiro"]
[Date "2022.05.01"]
[Round "6"]
[White "Fernandes, Felipe Gambini"]
[Black "De Oliveira, Sergio Patricio"]
[Result "1-0"]
[WhiteElo "1937"]
[BlackElo "1472"]
[PlyCount "69"]
[EventDate "2022.04.29"]
[EventType "swiss"]
[EventRounds "6"]
[EventCountry "BRA"]
[SourceTitle "EXT 2023"]
[Source "ChessBase"]
[SourceDate "2022.10.05"]
[SourceVersion "1"]
[SourceVersionDate "2022.10.05"]
[SourceQuality "1"]

1. d4 d5 2. c4 e6 3. Nc3 Nf6 4. cxd5 exd5 5. Bg5 Be7 6. e3 0-0 7. Bd3 h6 8. Bh4 Nbd7 9. Nge2 c5 10. 0-0 b6 11. Rc1 Bb7 12. Bb1 Rc8 13. Re1 cxd4 14. Nxd4 g6 15. a3 Re8 16. Re2 Ne4 17. Bxe7 Qxe7 18. Nxe4 dxe4 19. Rec2 Nc5 20. b4 Na6 21. Ba2 Qd7 22. Bb3 Nc7 23. Rd2 Qe7 24. Nc6 Bxc6 25. Rxc6 Qf8 26. Rxg6+ Kh7 27. Rgd6 Re5 28. Rd7 Rf5 29. Qg4 Rf6 30. Qxe4+ Kg8 31. Qe5 Ne8 32. g3 Qg7 33. Rd1 Qg4 34. Rd8 Qf3 35. Qxe8+ 1-0

[Event "Rio de Janeiro op"]
[Site "Rio de Janeiro"]
[Date "2022.04.21"]
[Round "2"]
[White "Fernandes, Felipe Gambini"]
[Black "Da Costa, Luiz Octavio Alves"]
[Result "1-0"]
[WhiteElo "1937"]
[BlackElo "1800"]
[PlyCount "131"]
[EventDate "2022.04.21"]
[EventType "swiss"]
[EventRounds "6"]
[EventCountry "BRA"]
[SourceTitle "CBM 207 Extra"]
[Source "ChessBase"]
[SourceDate "2022.05.31"]
[SourceVersion "1"]
[SourceVersionDate "2022.05.31"]
[SourceQuality "1"]

1. c4 c5 2. Nc3 Nc6 3. g3 g6 4. Bg2 Bg7 5. Nf3 d6 6. 0-0 e5 7. d3 Nge7 8. Nd2 0-0 9. a3 Be6 10. Rb1 a5 11. Nb5 d5 12. b3 Qd7 13. Re1 Rac8 14. Nf1 b6 15. Bd2 h6 16. Qc1 Kh7 17. Ne3 f5 18. cxd5 Nxd5 19. Nc4 Rb8 20. Nc3 Rfc8 21. Nxd5 Bxd5 22. Bxd5 Qxd5 23. Ne3 Qf7 24. Qc4 Rb7 25. Qxf7 Rxf7 26. Nc4 Rb8 27. Kg2 Rd7 28. Red1 Nd4 29. e3 Nc6 30. Bc3 Rbb7 31. h4 h5 32. f4 exf4 33. Bxg7 Kxg7 34. gxf4 Kf7 35. Kf3 Kf6 36. Rd2 b5 37. Nb2 c4 38. Rc2 Rb6 39. dxc4 bxc4 40. Nxc4 Ra6 41. Rd2 Rxd2 42. Nxd2 Ne7 43. Nc4 Nd5 44. Rd1 Ke6 45. Ne5 Nc3 46. Rd3 Ne4 47. Nxg6 Rc6 48. Ke2 Rc2+ 49. Ke1 Ra2 50. a4 Ng3 51. Ne5 Ra1+ 52. Kd2 Ne4+ 53. Kc2 Ra2+ 54. Kb1 Rh2 55. Nf3 Rh1+ 56. Kb2 Kf6 57. Ng5 Rxh4 58. Nxe4+ fxe4 59. Rd1 Rh3 60. Re1 Rh2+ 61. Kc3 h4 62. Rg1 Rh3 63. Kd4 Rg3 64. Rh1 h3 65. Kxe4 Ke6 66. f5+ 1-0

[Event "Rio de Janeiro Andrade Memorial 3rd"]
[Site "Rio de Janeiro"]
[Date "2019.08.17"]
[Round "4"]
[White "Simoes Jr, Egydio Oman"]
[Black "Fernandes, Felipe Gambini"]
[Result "0-1"]
[WhiteElo "1885"]
[BlackElo "1887"]
[PlyCount "120"]
[EventDate "2019.08.10"]
[EventType "swiss"]
[EventRounds "6"]
[EventCountry "BRA"]
[SourceTitle "EXT 2021"]
[Source "ChessBase"]
[SourceDate "2020.10.23"]
[SourceVersion "1"]
[SourceVersionDate "2020.10.23"]
[SourceQuality "1"]

1. e4 c6 2. d3 d5 3. Nd2 e5 4. g3 Nf6 5. Bg2 Bd6 6. Ngf3 Bg4 7. h3 Bh5 8. 0-0 0-0 9. c3 Qc7 10. Re1 Nbd7 11. g4 Bg6 12. Nh4 Nc5 13. Qe2 Rfe8 14. Nf5 Ne6 15. Nf3 dxe4 16. dxe4 Bc5 17. b4 Bb6 18. a4 a6 19. Qc4 a5 20. Ng5 axb4 21. Nxe6 Rxe6 22. cxb4 Rd8 23. Bg5 Bd4 24. Rad1 Qb6 25. Nxd4 Rxd4 26. Rxd4 Qxd4 27. Qxd4 exd4 28. f3 h6 29. Bh4 Nd7 30. Rd1 c5 31. bxc5 Nxc5 32. Rxd4 Ra6 33. Bf2 Kh7 34. Bf1 Rxa4 35. Rxa4 Nxa4 36. Bd4 b6 37. Kf2 f6 38. Bb5 Nc5 39. Ke3 Bf7 40. Bxc5 bxc5 41. Bc6 Bc4 42. Bd5 Bb5 43. h4 g5 44. h5 Kg7 45. f4 Bd7 46. f5 Bb5 47. Bb3 Kf8 48. Bd1 Ke7 49. Be2 Bxe2 50. Kxe2 Kd6 51. Kd3 Ke5 52. Kc4 Kxe4 53. Kxc5 Kf4 54. Kd5 Kxg4 55. Ke6 Kxh5 56. Kxf6 g4 57. Ke7 g3 58. f6 g2 59. f7 g1Q 60. f8Q Qc5+ 0-1